| 000 | 00768cam a2200205Ji 4500 | ||
|---|---|---|---|
| 999 |
_c3884 _d3884 |
||
| 003 | ALUPE UNIVERSITY COLLEGE | ||
| 005 | 20220218103927.0 | ||
| 008 | 220218b ||||| |||| 00| 0 eng d | ||
| 020 | _a0839110677 | ||
| 040 | _cALUPE UNIVERSITY COLLEGE | ||
| 050 | 0 |
_aQP355.2 _b.N48 1978 _aQP355.2 |
|
| 245 | 0 | 0 |
_aNeurophysiology III / _cedited by Robert Porter. |
| 260 |
_aBaltimore : _bUniversity Park Press, _cc1978. |
||
| 300 |
_aix, 300 p. : _bill. ; _c24 cm. |
||
| 504 | _aIncludes bibliographies and index. | ||
| 650 | 0 |
_aNeurophysiology. _0http://id.loc.gov/authorities/subjects/sh85091159 |
|
| 700 | 1 |
_aPorter, Robert, _d1932- _0http://id.loc.gov/authorities/names/n88630280 |
|
| 830 | 0 |
_0http://id.loc.gov/authorities/names/n42037787 _vv. 17. |
|
| 942 |
_2lcc _cBK |
||